Statistics for 15 Most Viewed YouTube Videos

Click here to take the quiz!

General Stats

  • This quiz has been taken 20 times
  • The average score is 6 of 15

Answer Stats

Video NameUploaderViews (billions)Upload Date% Correct
Baby SharkPinkfong ________ - Kids' Songs & Stories9.41June 17, 2016
83%
DespacitoLuis Fonsi7.56January 12, 2017
78%
Gangnam StylePsy4.20July 15, 2012
78%
Shape of YouEd Sheeran5.47January 30, 2017
72%
SorryJustin Bieber3.47October 22, 2015
56%
RoarKaty Perry3.44September 5, 2013
44%
Uptown FunkMark Ronson4.31November 19, 2014
39%
See You AgainWiz Khalifa5.28April 6, 2015
33%
SugarMaroon 53.56January 14, 2015
33%
Masha and The Bear | Recipe For DisasterGet Movies4.46January 31, 2012
22%
Dame Tu CositaEl Chombo3.62April 5, 2018
17%
Johny Johny Yes PapaLooLoo Kids5.76October 8, 2016
11%
Learning Colors | Colorful Eggs on a FarmMiroshka TV4.51February 27, 2018
6%
Bath SongCocomelon – Nursery Rhymes4.54May 2, 2018
0%
Phonics SongChuChu TV4.20March 6, 2014
0%

Score Distribution

Percentile by Number Answered

Percent of People with Each Score

Your Score History

You have not taken this quiz